A-Z vegetable variety (Record no. 172965)

MARC details
000 -LEADER
fixed length control field 00537nam a2200229 a 4500
005 - DATE AND TIME OF LATEST TRANSACTION
control field 20190602212133.0
008 - FIXED-LENGTH DATA ELEMENTS--GENERAL INFORMATION
fixed length control field 190602b my ||||| |||| 00| 0 eng d
040 ## - CATALOGING SOURCE
Original cataloging agency PPAK
Transcribing agency PPAK
082 ## - DEWEY DECIMAL CLASSIFICATION NUMBER
Classification number 641.65
090 00 - LOCALLY ASSIGNED LC-TYPE CALL NUMBER (OCLC); LOCAL CALL NUMBER (RLIN)
Classification number (OCLC) (R) ; Classification number, CALL (RLIN) (NR) 641.65
Feature heading AZV
Feature heading R
245 ## - TITLE STATEMENT
Title A-Z vegetable variety
260 ## - PUBLICATION, DISTRIBUTION, ETC.
Place of publication, distribution, etc. London
Name of publisher, distributor, etc. Marshall Cavendish Books
Date of publication, distribution, etc. 1985
300 ## - PHYSICAL DESCRIPTION
Extent 72 p.
Other physical details ill.
Dimensions 28 cm.
336 ## - CONTENT TYPE
Source rdacontent
Content type term text
337 ## - MEDIA TYPE
Source rdamedia
Media type term unmediated
338 ## - CARRIER TYPE
Source rdacarrier
Carrier type term volume
942 ## - ADDED ENTRY ELEMENTS (KOHA)
Source of classification or shelving scheme Dewey Decimal Classification
Koha item type Book
Holdings
Withdrawn Not for loan Current library Shelving location Date acquired Full call number Barcode Date last seen Koha item type
  Not For Loan Perpustakaan Alor Setar Rujukan Dewasa 04/07/1998 R 641.65 AZV A00107147 02/06/2019 Book